Media/impact : (Record no. 18629)

MARC details
000 -LEADER
fixed length control field 01241cam a22003617i 4500
005 - DATE AND TIME OF LATEST TRANSACTION
control field 20230607111556.0
008 - FIXED-LENGTH DATA ELEMENTS--GENERAL INFORMATION
fixed length control field 151015s2017 maua b 001 0 eng d
010 ## - LIBRARY OF CONGRESS CONTROL NUMBER
LC control number 2015955054
020 ## - INTERNATIONAL STANDARD BOOK NUMBER
ISBN 9781305580985 (pbk.)
020 ## - INTERNATIONAL STANDARD BOOK NUMBER
ISBN 1305580982 (pbk.)
035 ## - SYSTEM CONTROL NUMBER
System control number (OCoLC)ocn950240985
040 ## - CATALOGING SOURCE
Original cataloging agency PHADU
Transcribing agency PHADU
Modifying agency YDXCP
-- BTCTA
-- VSI
-- OCLCF
-- NUI
-- DLC
042 ## - AUTHENTICATION CODE
Authentication code lccopycat
082 ## - DEWEY DECIMAL CLASSIFICATION NUMBER
Classification number 302.23
Item number BIA-M
100 1# - MAIN ENTRY--AUTHOR
Author Name Biagi, Shirley,
245 10 - TITLE STATEMENT
Title Media/impact :
Remainder of title an introduction to mass media /
Statement of responsibility, etc. Shirley Biagi.
250 ## - EDITION STATEMENT
Edition statement Twelfth edition.
260 ## - PUBLICATION, DISTRIBUTION, ETC.
Place of Publication USA
Name of publisher, distributor, etc. Cengage
Date of publication, distribution, etc. c2017
300 ## - PHYSICAL DESCRIPTION
Pages xxviii, 404 pages :
336 ## - CONTENT TYPE
Content type term text
Content type code txt
Source rdacontent
337 ## - MEDIA TYPE
Media type term unmediated
Media type code n
Source rdamedia
338 ## - CARRIER TYPE
Carrier type term volume
Carrier type code nc
Source rdacarrier
490 1# - SERIES STATEMENT
Series Statement Cengage series in mass communication and journalism.
504 ## - BIBLIOGRAPHY, ETC. NOTE
Bibliography, etc. note Includes bibliographical references and index.
650 #0 - SUBJECT ADDED ENTRY--TOPICAL TERM
Subject / Department Mass media.
650 #7 - SUBJECT ADDED ENTRY--TOPICAL TERM
Subject / Department Mass media.
Source of heading or term fast
Authority record control number or standard number (OCoLC)fst01011219
264 #1 - PRODUCTION, PUBLICATION, DISTRIBUTION, MANUFACTURE, AND COPYRIGHT NOTICE
Place of production, publication, distribution, manufacture Boston, MA :
Name of producer, publisher, distributor, manufacturer Cengage Learning,
Date of production, publication, distribution, manufacture, or copyright notice [2017]
264 #4 - PRODUCTION, PUBLICATION, DISTRIBUTION, MANUFACTURE, AND COPYRIGHT NOTICE
Date of production, publication, distribution, manufacture, or copyright notice ©2017
300 ## - PHYSICAL DESCRIPTION
-- illustrations (chiefly color) ;
-- 28 cm.
906 ## - LOCAL DATA ELEMENT F, LDF (RLIN)
a 7
b cbc
c copycat
d 3
e ncip
f 20
g y-gencatlg
952 ## - LOCATION AND ITEM INFORMATION (KOHA)
-- 0
-- 0
952 ## - LOCATION AND ITEM INFORMATION (KOHA)
-- 0
-- 0
952 ## - LOCATION AND ITEM INFORMATION (KOHA)
-- 0
-- 0
952 ## - LOCATION AND ITEM INFORMATION (KOHA)
-- 0
-- 0
Holdings
Lost status Damaged status Permanent Location Current Location Shelving Location Date acquired Full Call Number Accession No./Barcode Date last seen item type
    Superior Information Resource Center (SIRC) Superior University- Gold Campus Superior Information Resource Center (SIRC) Superior University- Gold Campus Marketing 06/07/2023 302.23 BIA-M 2017 19262 06/07/2023 BOOK
    Superior Information Resource Center (SIRC) Superior University- Gold Campus Superior Information Resource Center (SIRC) Superior University- Gold Campus Media 06/09/2023 302.23 BIA-M 2017 19285 06/09/2023 BOOK
    Superior Information Resource Center (SIRC) Superior University- Gold Campus Superior Information Resource Center (SIRC) Superior University- Gold Campus Media 08/17/2023 302.23 BIA-M 2017 19629 08/17/2023 BOOK
    Superior Information Resource Center (SIRC) Superior University- Gold Campus Superior Information Resource Center (SIRC) Superior University- Gold Campus Media 08/17/2023 302.23 BIA-M 2017 19641 10/08/2023 BOOK

Powered by Koha